000 00837nam a22002177a 4500
003 UA-OsUOA
001 49106
007 ta
008 20070920b un ||||| |||| 00| 0 ukr d
090 _a82.09(091)(477)
_bА38
942 _cBK
040 _aUA-OsUOA
_bukr
_cUA-OsUOA
_dUA-OsUOA
245 _aАкадемічна "Історія української літератури"
_bв 10 томах (матеріали засідань наукової комісії, "Круглих столів", інших наукових обговорень та плани томів)
_cупоряд. Я. Цимбал
300 _a164 с.
955 _a1
041 _aukr
080 _a82.09(091)(477)
260 _aК.
_bФенікс
_c2005
650 7 _a82 Література. Літературознавство
_2UDC
999 _c335216
_d335216